000 01044 a2200241 4500
005 20080910155644.0
008 080910t xxu||||| |||| 00| 0 enghin d
010 _aHIN-79527
020 _a8181661346
_c125.00
035 _aHN-51873
037 _bD.B.Act / pub
082 _a821
100 _aगायकवाड़, गणेश
245 _aमंज़र बदल न जाए...
_cगणेश गायकवाड़
246 _aManjar badal na jaye
260 _aदिल्ली
_bमेधा बुक्स
_c2005
270 _aएक्स-11,नवीन शाहदरा
_bदिल्ली
_e110032
_k22323672
_mmedhabooks@rediffmail.com
300 _a111पृ
_c22 सेमी (सजिल्द)
650 _aहिन्दी कविताएँ
650 _aHindi poems
942 _adpl
_cHN
_k821 / गायक
_2ddc
_h821
_mगायक
999 _c2920
_d2920